Zhluková analýza v kontexte európskych krajín
Teória zhlukovej analýzy resp. clustering. Typy zhlukovej analýzy. Použitie rôznych typov zhlukovej analýzy za účelom rozdelenia jednotlivých štátov Európy do rôznorodých zhlukov.
Salvato in:
| Autore principale: | |
|---|---|
| Altri autori: | |
| Natura: | Capitolo di libro |
| Lingua: | slovacco |
| Soggetti: | |
| Tags: |
Nessun Tag, puoi essere il primo ad aggiungerne!!
|
MARC
| LEADER | 00000naa a2200000 4500 | ||
|---|---|---|---|
| 001 | 0186509 | ||
| 005 | 20220715094123.7 | ||
| 041 | 0 | |a slo | |
| 044 | |a SK | ||
| 245 | 1 | 0 | |a Zhluková analýza v kontexte európskych krajín |c Martina Hlavatá, Tomáš Miklošovič |
| 520 | |a Teória zhlukovej analýzy resp. clustering. Typy zhlukovej analýzy. Použitie rôznych typov zhlukovej analýzy za účelom rozdelenia jednotlivých štátov Európy do rôznorodých zhlukov. | ||
| 610 | 2 | 0 | |a analýza zhluková |
| 610 | 2 | 0 | |a Európa |
| 610 | 2 | 0 | |a história |
| 610 | 2 | 0 | |a metódy štatistické |
| 100 | 1 | |a Hlavatá, Martina | |
| 700 | 1 | |a Miklošovič, Tomáš | |